Statistics for Brooklyn 99 Characters By Clue

Click here to take the quiz!

General Stats

  • This quiz has been taken 222 times
  • The average score is 13 of 16

Answer Stats

HintsCharacters% Correct
Is married to the main character.Amy Santiago
98%
Is married to a woman called Genevieve.Charles Boyle
96%
Breaks glass doors by closing them to hard.Terry Jeffords
94%
Thinks of the whole team as a family.Jake Peralta
93%
Reveals his secret tattoo in the middle of a heist.Raymond Holt
93%
quits her job and becomes a private investigator after losing faith in the system.Rosa Dias
93%
Once, got hit by a bus.Gina Linetti
92%
Has a tattoo of himself with a gun in his mouth, on his right bicep and is lactose intolerant.Michael Hitchcock
91%
Can sing opera very well.Norm Scully
89%
Is known as the "Pontiac Bandid".Doug Judy
87%
His undercover name was Paul Sneed.Adrian Pimento
69%
Is the arch nemesis of the 99th precincts captain.Madeline Wuntch
67%
thinks all women are attracted to him, even though they usually despise him.Keith Pembroke
66%
His a Pembroke Welsh Corgi.Cheddar
62%
People call him the most boring man alive.Teddy Ramos
60%
He is an unprofessional captain.Jason Stentley
47%

Score Distribution

Percentile by Number Answered

Percent of People with Each Score

Your Score History

You have not taken this quiz